000 00288nam a22001337a 4500
008 170831b xxu||||| |||| 00| 0 eng d
020 _a9780130918420
041 _aeng
080 _23RD
_a070
100 _a40
101 _aMED
245 _aCREATING AMERICA
_cMOSER,J
942 _2udc
_cBK
999 _c25725
_d25725